Countries With Unique First 2 Letters - Statistics

General Stats
  • This quiz has been taken 63 times
    62 since last reset
  • The average score is 51 of 57
Answer Stats
Starts With Unique Country % Correct
Af Afghanistan
100%
Bh Bhutan
98%
Cz Czech Republic
98%
Az Azerbaijan
96%
Cy Cyprus
96%
Fr France
96%
Gh Ghana
96%
Ic Iceland
96%
It Italy
96%
Cr Croatia
95%
Dj Djibouti
95%
Er Eritrea
95%
El El Salvador
93%
Ho Honduras
93%
Iv Ivory Coast
93%
Jo Jordan
93%
Ke Kenya
93%
Om Oman
93%
Qa Qatar
93%
Hu Hungary
91%
Ky Kyrgyzstan
91%
My Myanmar
91%
Ro Romania
91%
Sp Spain
91%
Th Thailand
91%
Uk Ukraine
91%
Ec Ecuador
89%
Et Ethiopia
89%
Ha Haiti
89%
Ki Kiribati
89%
Ku Kuwait
89%
Ph Philippines
89%
Ru Russia
89%
Rw Rwanda
89%
Sy Syria
89%
Ug Uganda
89%
Ur Uruguay
89%
Uz Uzbekistan
89%
Ve Venezuela
89%
Is Israel
88%
Ka Kazakhstan
88%
Sr Sri Lanka
88%
Ye Yemen
88%
Za Zambia
88%
Zi Zimbabwe
88%
Ea East Timor
86%
Eq Equatorial Guinea
86%
Vi Vietnam
84%
Eg Egypt
82%
Cu Cuba
81%
Lu Luxembourg
81%
Tr Trinidad and Tobago
81%
Pe Peru
77%
Fe Federated States of Micronesia
74%
Me Mexico
72%
Ce Central African Republic
70%
Re Republic of the Congo
61%
No matching quizzes found
Score Distribution
Percent of People with Each Score
Percentile by Number Answered
Your Score History
You have not taken this quiz since the last reset